Guía de diagnóstico y tratamiento. (Registro nro. 247)

Detalles MARC
000 -LEADER
fixed length control field 00894 am a2200229 a 4500
005 - FECHA ULTIMA MODIFICACION
control field 20240228123123.0
008 - CAMPO DE CONTROL (LIBRO)
fixed length control field 100412s1999||||ag # f |||| 000 0 spa d
020 ## - INTERNATIONAL STANDARD BOOK NUMBER
ISBN s/n
041 ## - CODIGO DE IDIOMA
Código de idioma del texto/pista de sonido o título separado spa
092 ## - SIGNATURA TOPOGRAFICA DEWEY LOCAL
número de clasificación 618.9203
libristica 31
sección GUI
110 1# - ENTRADA PRINCIPAL-AUTOR CORPORATIVO
Nombre de la institución, jurisdicción como entrada principal Hospital de Niños de Buenos Aires "Ricardo Gutierrez".
9 (RLIN) 280
245 ## - TITULO PROPIAMENTE DICHO
Título Guía de diagnóstico y tratamiento.
Número de la parte/sección de la obra Vol.1 Parte 2. Atención Pediátrica Primaria /
Mención de responsabilidad y remanente de la transcripción de la portada Hospital de Niños de Buenos Aires "Ricardo Gutierrez".
250 ## - MENCION DE EDICION
Mención de edición 1a ed.
260 ## - PIE DE IMPRENTA
Lugar de publicación, distribución, etc Buenos Aires:
Nombre de la editorial, distribuidor, etc APHN;
Fecha de publicación 1999.
300 ## - DESCRIPCION FISICA
Extension 339 p.
500 ## - NOTA GENERAL
Nota general Hospital de Niños de Buenos Aires "Ricardo Gutiérrez". (1999). Guía de diagnóstico y tratamiento. Vol.1 Parte 2. Atención Pediátrica Primaria. (1a ed.). Buenos Aires : APHN.
653 ## - TÉRMINO INDIZADO - PALABRAS CLAVES
Palabra clave Pediatría
653 ## - TÉRMINO INDIZADO - PALABRAS CLAVES
Palabra clave Diagnóstico y Tratamiento
653 ## - TÉRMINO INDIZADO - PALABRAS CLAVES
Palabra clave Atención Pediátrica Primaria
930 ## - NUMERO DE INVENTARIO
Número de inventario 1839
942 ## - ADDED ENTRY ELEMENTS (KOHA)
Source of classification or shelving scheme Dewey Decimal Classification
Item type Libros
Existencias
Estado de retiro Existencia Estado general No para prestamo Ubicación permanente ubicación actual Sala de ubicación Fecha de adquisición Total Checkouts Número de clasificación Código de barras Date last seen Número de ejemplar Price effective from Koha tipo de elemento (item)
        Biblioteca Medicina Biblioteca Medicina Circulación 13/05/2011   618.9203 31 GUI 1839 06/11/2014 ej.1 13/05/2011 Libros

UNIVERSIDAD NACIONAL DEL COMAHUE
Biblioteca de la Facultad de Ciencias Médicas
Sede Toschi: Los Arrayanes y Av. Toschi, Cipolletti  - Rio Negro
Sede Los Tordos:  Yrigoyen al 2211, Cipolletti - Rio Negro 

Teléfono: 0299 - 4774707 int 25
Contacto: biblioteca@facimed.uncoma.edu.ar
© 2011 - 2026